| 000 | 00895nam a22001577a 4500 | ||
|---|---|---|---|
| 003 | OSt | ||
| 005 | 20151006092401.0 | ||
| 008 | 151006b xxu||||| |||| 00| 0 eng d | ||
| 040 | _cRUA | ||
| 082 | _aAVM PHO 2007 B075 Or.1 | ||
| 100 |
_92101 _aPHON, PHOUN. |
||
| 245 | _aStudy on using on of fish oil, lard,and tallow on grow of avian chicken at animal experimentalstation of royal university of agriculture (សិក្សាលើការប្រើប្រាស់ខ្លាញ់ត្រី ខ្លាញ់ជ្រូកខ្លាញ់គោលើការលូតលាស់របស់មាន់សាច់ពូជAVIAN នៅស្ថានីយ៏ពិសោធន៏សត្វនៃសាកលវិទ្យាល័យភូមិន្ទកសិកម្ម) | ||
| 260 |
_aPhnom Penh _bRUA _c2007 |
||
| 300 |
_aix, 40p. _bill. _c29cm. |
||
| 942 |
_2ddc _cAVM |
||
| 999 |
_c1982 _d1982 |
||